| 000 | 00409nam a2200181Ia 4500 | ||
|---|---|---|---|
| 008 | 210210b1956 xxu||||| |||| 00| 0 eng d | ||
| 041 | _aeng | ||
| 082 | _a829/815 | ||
| 100 | _aNICHOLS (Beverley) | ||
| 245 | _aDeath to slow music | ||
| 260 |
_aLondon _bHutchinson & Co _c1956 |
||
| 650 | _ato | ||
| 650 | _aslow | ||
| 650 | _amusic | ||
| 650 | _aDeath | ||
| 690 | _aEnglish Fiction | ||
| 906 | _a017413 | ||
| 999 |
_c137380 _d137380 |
||